书目信息 |
| 题名: |
聚焦美育
|
|
| 作者: | 黄忠敬 , 欧阳雪乔 , 余锦团 主编 | |
| 分册: | ||
| 出版信息: | 上海 华东师范大学出版社 2021.09 |
|
| 页数: | 292页 | |
| 开本: | 24cm | |
| 丛书名: | “核心素养与学校课程建设”丛书 | |
| 单 册: | ||
| 中图分类: | G633.950.2 | |
| 科图分类: | ||
| 主题词: | 美育--教学研究--中小学 | |
| 电子资源: | ||
| ISBN: | 978-7-5760-1718-2 | |
| 000 | 01228nam0 2200289 450 | |
| 001 | 012001000724 | |
| 005 | 20140131165541.0 | |
| 010 | @a978-7-5760-1718-2@dCNY79.00 | |
| 100 | @a20220905d2021 em y0chiy50 ea | |
| 101 | 0 | @achi |
| 102 | @aCN@b310000 | |
| 105 | @ay z 000yy | |
| 106 | @ar | |
| 200 | 1 | @a聚焦美育@Aju jiao mei yu@e如何在学校中培养学生的审美力@f黄忠敬, 欧阳雪乔, 余锦团主编 |
| 210 | @a上海@c华东师范大学出版社@d2021.09 | |
| 215 | @a292页@d24cm | |
| 225 | 1 | @a“核心素养与学校课程建设”丛书 |
| 300 | @a华东师范大学“幸福之花”基金先导项目的研究成果 | |
| 330 | @a本书分三篇,第一篇是理论探索篇,通过国际比较,从哲学、政策、美学等方面论述中小学美育教育;第二篇是区域规划篇,向读者呈现街道教育局和集团两个层面如何规划中小学美育教育;第三篇是实践案例篇,选录了区域内若干学校如何以课程为抓手开展美育教育,培养学生审美力的典型案例。 | |
| 517 | 1 | @a如何在学校中培养学生的审美力@Aru he zai xue xiao zhong pei yang xue sheng de shen mei li |
| 606 | 0 | @a美育@x教学研究@x中小学 |
| 690 | @aG633.950.2@v5 | |
| 701 | 0 | @a黄忠敬@Ahuang zhong jing@4主编 |
| 701 | 0 | @a欧阳雪乔@Aou yang xue qiao@4主编 |
| 701 | 0 | @a余锦团@Ayu jin tuan@4主编 |
| 801 | 0 | @aCN@bAHXH@c20221111 |
| 905 | @b1364930-4@dG633.950.2@e404@f5 | |
| 聚焦美育:如何在学校中培养学生的审美力/黄忠敬, 欧阳雪乔, 余锦团主编.-上海:华东师范大学出版社,2021.09 |
| 292页;24cm.-(“核心素养与学校课程建设”丛书) |
| 华东师范大学“幸福之花”基金先导项目的研究成果 |
| ISBN 978-7-5760-1718-2:CNY79.00 |
| 本书分三篇,第一篇是理论探索篇,通过国际比较,从哲学、政策、美学等方面论述中小学美育教育;第二篇是区域规划篇,向读者呈现街道教育局和集团两个层面如何规划中小学美育教育;第三篇是实践案例篇,选录了区域内若干学校如何以课程为抓手开展美育教育,培养学生审美力的典型案例。 |
| ● |
| 相关链接 |
|
|
|
|
正题名:聚焦美育
索取号:G633.950.2/404
 
预约/预借
| 序号 | 登录号 | 条形码 | 馆藏地/架位号 | 状态 | 备注 |
| 1 | 1364930 | 213649300 | 第一样本阅览室/ [索取号:G633.950.2/404] | 在馆 | |
| 2 | 1364931 | 213649319 | 教育系资料室/ [索取号:G633.950.2/404] | 在馆 | |
| 3 | 1364932 | 213649328 | 教育系资料室/ [索取号:G633.950.2/404] | 在馆 | |
| 4 | 1364933 | 213649337 | 第四借阅区/ [索取号:G633.950.2/404] | 在馆 | |
| 5 | 1364934 | 213649346 | 第四借阅区/ [索取号:G633.950.2/404] | 在馆 |